[Event "122nd YMCA Spring B"]
[Site "Warszawa"]
[Date "2013.05.02"]
[Round "4"]
[White "Potocki, Karol"]
[Black "Chomczyk, Marek"]
[Result "0-1"]
[WhiteElo "1874"]
[BlackElo "1942"]
[PlyCount "84"]
[EventDate "2013.04.11"]
[EventType "tourn"]
[EventRounds "1"]
[EventCountry "POL"]
[SourceDate "2013.04.11"]

1. d4 Nf6 2. Nf3 d5 3. c4 e6 4. g3 Be7 5. Bg2 O-O 6. O-O c6 7. Nc3 Nbd7 8. b3
Re8 9. Qc2 Nf8 10. Bb2 Ng6 11. Rad1 Qc7 12. e4 dxe4 13. Nxe4 Nxe4 14. Qxe4 Bf6
15. h4 c5 16. h5 Ne7 17. g4 Bd7 18. Ne5 Bc6 19. Qe3 Bxg2 20. Kxg2 Nc6 21. f4
cxd4 22. Bxd4 Rad8 23. Bc3 Nxe5 24. Bxe5 Qc6+ 25. Qf3 Qxf3+ 26. Kxf3 Bxe5 27.
fxe5 Kf8 28. Rd6 Ke7 29. Rfd1 Rxd6 30. exd6+ Kd7 31. c5 Rc8 32. b4 b6 33. Rc1
bxc5 34. Rxc5 Rc6 35. Ra5 a6 36. b5 axb5 37. Rxb5 Kxd6 38. Rb7 Rc7 39. Rxc7
Kxc7 40. Ke4 g6 41. hxg6 hxg6 42. Ke5 f5 0-1

[Event "122nd YMCA Spring B"]
[Site "Warszawa"]
[Date "2013.04.23"]
[Round "4"]
[White "Sokolowski, Marek"]
[Black "Nowak, Lukasz"]
[Result "1/2-1/2"]
[WhiteElo "1885"]
[BlackElo "1900"]
[PlyCount "110"]
[EventDate "2013.04.11"]
[EventType "tourn"]
[EventRounds "1"]
[EventCountry "POL"]
[SourceDate "2013.04.11"]

1. e4 c5 2. Nf3 d6 3. d4 cxd4 4. Nxd4 Nf6 5. Nc3 a6 6. Bg5 Nbd7 7. f4 Qc7 8.
Qf3 b5 9. O-O-O Bb7 10. Bd3 g6 11. Rhe1 Bg7 12. Nb3 Rd8 13. Kb1 O-O 14. Ne2 Nb6
15. c3 Nc4 16. Nd2 a5 17. Nxc4 bxc4 18. Bc2 Qb6 19. f5 Rb8 20. Be3 Qb5 21. Nd4
Bxe4 22. Nxb5 Bxf3 23. gxf3 Rxb5 24. fxg6 hxg6 25. Bf4 Nd5 26. Rxd5 Rxd5 27.
Rxe7 Be5 28. Be4 Rd1+ 29. Kc2 Rh1 30. Bxe5 dxe5 31. Rxe5 Rxh2+ 32. Kc1 Rh5 33.
Re7 Rd8 34. b4 Rh1+ 35. Kb2 Rd2+ 36. Ka3 Ra1 37. bxa5 Rdxa2+ 38. Kb4 Ra4+ 39.
Kc5 Rxa5+ 40. Kxc4 Ra7 41. Re8+ Kg7 42. Rc8 f5 43. Bd5 R1a4+ 44. Kc5 R4a5+ 45.
Kd4 Re7 46. c4 Raa7 47. Rb8 Kf6 48. Rf8+ Kg5 49. Rg8 Rg7 50. Rxg7 Rxg7 51. Ke5
Re7+ 52. Kd6 Re1 53. c5 Kf4 54. c6 Rc1 55. c7 Rxc7 1/2-1/2

[Event "122nd YMCA Spring B"]
[Site "Warszawa"]
[Date "2013.05.06"]
[Round "5"]
[White "Chomczyk, Marek"]
[Black "Sokolowski, Marek"]
[Result "1-0"]
[WhiteElo "1942"]
[BlackElo "1885"]
[PlyCount "39"]
[EventDate "2013.04.11"]
[EventType "tourn"]
[EventRounds "1"]
[EventCountry "POL"]
[SourceDate "2013.04.11"]

1. e4 c5 2. Nf3 d6 3. d4 cxd4 4. Nxd4 Nf6 5. Nc3 a6 6. Be3 e6 7. h3 Nbd7 8. g4
Nc5 9. Bg2 d5 10. exd5 Nxd5 11. Nxd5 exd5 12. Qf3 Ne4 13. O-O-O Be6 14. Qe2 Nd6
15. Rhe1 Qf6 16. Bxd5 O-O-O 17. g5 Qe5 18. Nxe6 fxe6 19. Qg4 Nf5 20. Qc4+ 1-0

[Event "122nd YMCA Spring B"]
[Site "Warszawa"]
[Date "2013.05.06"]
[Round "5"]
[White "Sujkowski, Pawel"]
[Black "Koziol, Pawel"]
[Result "1-0"]
[WhiteElo "1956"]
[BlackElo "1883"]
[PlyCount "103"]
[EventDate "2013.04.11"]
[EventType "tourn"]
[EventRounds "1"]
[EventCountry "POL"]
[SourceDate "2013.04.11"]

1. e4 g6 2. d4 Bg7 3. Nc3 c6 4. f4 d5 5. e5 h5 6. Be3 Nh6 7. Nf3 Bg4 8. Be2 Nd7
9. Qd2 e6 10. Nd1 Nf5 11. Bf2 Qb6 12. c3 Bh6 13. g3 Bf8 14. h3 Bxf3 15. Bxf3
Be7 16. Ne3 Nxe3 17. Bxe3 c5 18. Kf2 O-O-O 19. Rac1 Kb8 20. g4 hxg4 21. hxg4
Qa6 22. b3 cxd4 23. cxd4 Ba3 24. Rxh8 Rxh8 25. Rh1 Rxh1 26. Bxh1 Qc6 27. Bf3
Nb6 28. Be2 Qe8 29. Qa5 Be7 30. Qb5 Qc6 31. a4 Na8 32. Qd3 Nc7 33. f5 exf5 34.
gxf5 gxf5 35. Qxf5 Qe6 36. Qh5 Na6 37. Bf4 Ka8 38. Bg4 Qb6 39. Qh8+ Qd8 40.
Qxd8+ Bxd8 41. Bh5 Nb4 42. Bxf7 Bb6 43. Be3 Kb8 44. Be8 Kc8 45. Ke2 Nc2 46. Kd3
Nxe3 47. Kxe3 Kc7 48. b4 a6 49. Bf7 Kc6 50. b5+ axb5 51. Be8+ Kc7 52. axb5 1-0

[Event "122nd YMCA Spring B"]
[Site "Warszawa"]
[Date "2013.05.06"]
[Round "5"]
[White "Rozowski, Marcin"]
[Black "Lasota, Adam"]
[Result "1/2-1/2"]
[WhiteElo "1883"]
[BlackElo "1893"]
[PlyCount "77"]
[EventDate "2013.04.11"]
[EventType "tourn"]
[EventRounds "1"]
[EventCountry "POL"]
[SourceDate "2013.04.11"]

1. e4 c5 2. Nf3 e6 3. d4 cxd4 4. Nxd4 a6 5. Nc3 Qc7 6. Bd3 Nc6 7. Be3 Nf6 8.
O-O Nxd4 9. Bxd4 Bc5 10. Bxc5 Qxc5 11. Kh1 d6 12. Qe1 e5 13. f3 Be6 14. a4 O-O
15. a5 Rad8 16. Na4 Qc7 17. c4 Nd7 18. b4 Ra8 19. Qe3 f5 20. Rfc1 fxe4 21. Bxe4
Nf6 22. Nb6 Rad8 23. Bc2 Nd7 24. Be4 Nxb6 25. axb6 Qf7 26. Qd3 Bf5 27. Bxf5
Qxf5 28. Qd5+ Qf7 29. Qe4 d5 30. cxd5 Qxd5 31. Qxd5+ Rxd5 32. Rc7 Rb8 33. Kg1
h6 34. Ra5 Rd1+ 35. Kf2 Rb1 36. Rxe5 Rxb4 37. Ree7 Rxb6 38. Rxg7+ Kh8 39. Rh7+
1/2-1/2

[Event "122nd YMCA Spring B"]
[Site "Warszawa"]
[Date "2013.05.06"]
[Round "5"]
[White "Melchers, Damian"]
[Black "Bielecki, Pawel"]
[Result "0-1"]
[WhiteElo "1964"]
[BlackElo "1983"]
[PlyCount "130"]
[EventDate "2013.04.11"]
[EventType "tourn"]
[EventRounds "1"]
[EventCountry "POL"]
[SourceDate "2013.04.11"]

1. Nf3 Nf6 2. g3 g6 3. Bg2 Bg7 4. O-O O-O 5. d3 c5 6. e4 d6 7. Nc3 Nc6 8. h3
Nd4 9. Nxd4 cxd4 10. Ne2 Nd7 11. c3 dxc3 12. Nxc3 e5 13. Be3 Nc5 14. d4 Ne6 15.
d5 Nd4 16. Ne2 Qb6 17. Qd2 Bd7 18. Rfd1 Rfc8 19. Nxd4 exd4 20. Bxd4 Bxd4 21.
Qxd4 Qxd4 22. Rxd4 Rc5 23. Rad1 Rac8 24. Kh2 Kg7 25. Bf3 Bb5 26. Kg2 R8c7 27.
R1d2 Kf6 28. Be2 Bd7 29. Bg4 Be8 30. f4 Bb5 31. e5+ Ke7 32. Kf2 Rc1 33. Be2 Bd7
34. Bg4 Bb5 35. Be2 Bd7 36. g4 R7c5 37. Rb4 b6 38. Re4 a5 39. b4 R5c3 40. bxa5
bxa5 41. Re3 Rc7 42. Rb3 R7c3 43. Rxc3 Rxc3 44. Bf3 a4 45. h4 a3 46. g5 Bf5 47.
h5 Bd3 48. hxg6 hxg6 49. Bd1 Be4 50. Be2 Rc5 51. Bf3 Rc2 52. Rxc2 Bxc2 53. Be2
Bb3 54. axb3 a2 55. b4 a1=Q 56. exd6+ Kxd6 57. b5 Qd4+ 58. Kg3 Kxd5 59. Bf3+
Kc4 60. Bc6 Kd3 61. Kf3 Qe3+ 62. Kg4 Qf2 63. Bd5 Ke3 64. b6 Qxf4+ 65. Kh3 Kf2
0-1

[Event "122nd YMCA Spring B"]
[Site "Warszawa"]
[Date "2013.05.08"]
[Round "6"]
[White "Lasota, Adam"]
[Black "Melchers, Damian"]
[Result "1/2-1/2"]
[WhiteElo "1893"]
[BlackElo "1964"]
[PlyCount "79"]
[EventDate "2013.04.11"]
[EventType "tourn"]
[EventRounds "1"]
[EventCountry "POL"]
[SourceDate "2013.04.11"]

1. d4 Nf6 2. Bf4 c5 3. e3 d5 4. c3 Qb6 5. Qb3 Qxb3 6. axb3 Nc6 7. h3 Bf5 8. Nd2
e6 9. Ngf3 Be7 10. dxc5 Bxc5 11. Nd4 Nxd4 12. exd4 Bb6 13. Bb5+ Ke7 14. O-O
Rhd8 15. b4 Ne4 16. Nb3 g5 17. Bh2 Nd6 18. Ba4 a5 19. Nc5 Bxc5 20. bxc5 Nc8 21.
Bc7 Rg8 22. Bb5 Na7 23. Ba4 Nc6 24. g4 Be4 25. f3 Bd3 26. Rfe1 h5 27. Re3 Bg6
28. Bxc6 bxc6 29. Bxa5 Kd7 30. Ree1 Rh8 31. b4 Bd3 32. Ra2 Bc4 33. Rf2 Rh7 34.
Re3 Rah8 35. Kg2 Rg8 36. Rd2 Rgh8 37. Rd1 Ra8 38. Rde1 Rah8 39. Bb6 Ra8 40. Ba5
1/2-1/2

[Event "122nd YMCA Spring B"]
[Site "Warszawa"]
[Date "2013.05.22"]
[Round "6"]
[White "Koziol, Pawel"]
[Black "Rozowski, Marcin"]
[Result "0-1"]
[WhiteElo "1883"]
[BlackElo "1883"]
[PlyCount "56"]
[EventDate "2013.04.11"]
[EventType "tourn"]
[EventRounds "1"]
[EventCountry "POL"]
[SourceDate "2013.04.11"]

1. d4 d5 2. c4 c6 3. Nf3 Nf6 4. Nc3 a6 5. e3 b5 6. b3 Bg4 7. h3 Bxf3 8. Qxf3 e5
9. cxd5 cxd5 10. dxe5 Bb4 11. Bd2 Bxc3 12. Bxc3 Ne4 13. Rc1 O-O 14. Bb4 Re8 15.
Bd3 Nd7 16. Bxe4 dxe4 17. Qxe4 Nxe5 18. Rd1 Qf6 19. Qb1 Qh4 20. Rd4 Nf3+ 21.
gxf3 Qxd4 22. Ba3 Qc3+ 23. Kf1 Rad8 24. Kg2 Rd2 25. Bc1 Rd6 26. Kh2 Qd3 27. Qa1
Rg6 28. Qb2 Rc8 0-1

[Event "122nd YMCA Spring B"]
[Site "Warszawa"]
[Date "2013.04.26"]
[Round "6"]
[White "Potocki, Karol"]
[Black "Sujkowski, Pawel"]
[Result "0-1"]
[WhiteElo "1874"]
[BlackElo "1956"]
[PlyCount "42"]
[EventDate "2013.04.11"]
[EventType "tourn"]
[EventRounds "1"]
[EventCountry "POL"]
[SourceDate "2013.04.11"]

1. d4 d5 2. c4 c6 3. e3 Nf6 4. Nf3 a6 5. Bd3 b5 6. b3 Bg4 7. h3 Bxf3 8. Qxf3
Nbd7 9. Qg3 g6 10. f4 Bg7 11. c5 Nxc5 12. Be2 Nce4 13. Qf3 h5 14. g3 c5 15. Bb2
c4 16. O-O Rc8 17. Rc1 O-O 18. a4 cxb3 19. axb5 Rxc1+ 20. Bxc1 axb5 21. Nd2 b2
0-1

[Event "122nd YMCA Spring B"]
[Site "Warszawa"]
[Date "2013.05.09"]
[Round "6"]
[White "Sokolowski, Marek"]
[Black "Pastuszko, Kinga"]
[Result "1/2-1/2"]
[WhiteElo "1885"]
[BlackElo "1882"]
[Annotator "Admin"]
[PlyCount "103"]
[EventDate "2013.04.11"]
[EventType "tourn"]
[EventRounds "1"]
[EventCountry "POL"]
[SourceDate "2013.04.11"]

1. e4 c5 2. Nf3 d6 3. d4 cxd4 4. Nxd4 Nf6 5. Nc3 a6 6. Bg5 e6 7. Be2 h6 8. Be3
Nc6 9. Qd2 e5 10. Nxc6 bxc6 11. Rd1 Be7 12. Bc4 Ng4 13. O-O Nxe3 14. Qxe3 O-O
15. Kh1 Be6 16. Bxe6 fxe6 17. Na4 Qa5 18. b3 Qc7 19. Qh3 Rf6 20. c4 Rd8 21. Nc3
Qb6 22. Rd2 Rdf8 23. Qg3 Kh7 24. Na4 Qa7 25. f3 Rf4 26. Qf2 Qc7 27. Rfd1 Rd8
28. Rd3 Rdf8 29. Qe2 g5 30. h3 h5 31. g4 hxg4 32. hxg4 Kg7 33. Kg2 Rh8 34. Rh1
Rxh1 35. Kxh1 Rf8 36. Kg2 Rh8 37. Rd1 Qa7 38. Qd2 Kg6 39. Rg1 Qd7 40. Rh1 Rxh1
41. Kxh1 a5 42. Qe3 Bd8 43. Kg2 Qb7 44. Qd2 Qb4 45. Qxb4 axb4 46. Kf2 Kf6 47.
Ke3 Ke7 48. Kd3 Kd7 49. Nb2 Bb6 50. Kc2 Bc5 51. Nd3 Kc7 52. Nxc5 $11 1/2-1/2

[Event "122nd YMCA Spring B"]
[Site "Warszawa"]
[Date "2013.05.24"]
[Round "6"]
[White "Nowak, Lukasz"]
[Black "Chomczyk, Marek"]
[Result "1-0"]
[WhiteElo "1900"]
[BlackElo "1942"]
[PlyCount "125"]
[EventDate "2013.04.11"]
[EventType "tourn"]
[EventRounds "1"]
[EventCountry "POL"]
[SourceDate "2013.04.11"]

1. e4 e5 2. Nf3 Nc6 3. Bb5 a6 4. Ba4 d6 5. O-O Nf6 6. Bxc6+ bxc6 7. d4 exd4 8.
Nxd4 c5 9. Nc6 Qd7 10. Na5 Be7 11. Nc3 O-O 12. Bf4 Rb8 13. b3 Re8 14. Re1 Ng4
15. h3 Bf6 16. Qd2 Ne5 17. Nd5 Bh4 18. Bg5 Bxg5 19. Qxg5 Ng6 20. f4 c6 21. Nc3
h6 22. Qg3 Rb4 23. Nc4 d5 24. exd5 Rxe1+ 25. Rxe1 cxd5 26. Nxd5 Qxd5 27. Re8+
Kh7 28. Rxc8 Qd7 29. Rxc5 Rb5 30. Rxb5 axb5 31. Ne5 Nxe5 32. fxe5 Qd1+ 33. Kh2
Qxc2 34. a3 Qe4 35. Qc3 Qd5 36. a4 b4 37. Qxb4 Qxe5+ 38. Kg1 Qa1+ 39. Kf2 Qb2+
40. Ke3 f5 41. Qb7 Qc1+ 42. Kd4 Qf4+ 43. Kc5 Qe3+ 44. Kb4 Qd4+ 45. Ka5 Qc5+ 46.
Ka6 Qd6+ 47. Kb5 Qe5+ 48. Kc4 Qe2+ 49. Kc5 Qe3+ 50. Kd6 Qd4+ 51. Qd5 Qb6+ 52.
Ke5 Qf6+ 53. Kf4 g5+ 54. Ke3 Qc3+ 55. Qd3 Qc5+ 56. Kd2 Qf2+ 57. Kc3 Kg6 58. g4
Qc5+ 59. Kb2 Qf2+ 60. Qc2 Qd4+ 61. Ka2 Qe4 62. Qxe4 fxe4 63. Kb2 1-0

[Event "122nd YMCA Spring B"]
[Site "Warszawa"]
[Date "2013.05.29"]
[Round "7"]
[White "Pastuszko, Kinga"]
[Black "Nowak, Lukasz"]
[Result "0-1"]
[WhiteElo "1882"]
[BlackElo "1900"]
[PlyCount "104"]
[EventDate "2013.04.11"]
[EventType "tourn"]
[EventRounds "1"]
[EventCountry "POL"]
[SourceDate "2013.04.11"]

1. d4 Nf6 2. Nc3 d5 3. Bg5 c5 4. dxc5 e6 5. e4 Bxc5 6. exd5 Qb6 7. Bb5+ Bd7 8.
Qe2 Bd4 9. Bxd7+ Nbxd7 10. Nd1 Nxd5 11. c3 Bf6 12. Be3 Qc7 13. Nf3 O-O 14. O-O
Ne5 15. Nxe5 Bxe5 16. h3 Rfd8 17. Re1 Bf6 18. Qg4 Rd7 19. Bc1 Rad8 20. Ne3 Nxc3
21. Nc4 Rd4 22. Qf3 Rxc4 23. bxc3 Bxc3 24. Bg5 f6 25. Be3 Bxa1 26. Rxa1 Qc6 27.
Qxc6 bxc6 28. Bxa7 Ra8 29. Be3 Rca4 30. Rc1 R8a6 31. Rb1 Rxa2 32. Rb7 Rc2 33.
g4 Ra5 34. Kg2 h5 35. Kg3 hxg4 36. hxg4 Rd5 37. Re7 Rc4 38. Kf3 Kf8 39. Rc7 e5
40. Kg3 Rd6 41. Kh3 Re6 42. g5 f5 43. Bd2 Re7 44. Rc8+ Kf7 45. Ba5 Kg6 46. Bd2
Rd7 47. Be3 f4 48. Bb6 Kxg5 49. Rf8 Rc3+ 50. Kg2 Rcd3 51. Rc8 Kf5 52. Rxc6 R3d6
0-1

[Event "122nd YMCA Spring B"]
[Site "Warszawa"]
[Date "2013.05.24"]
[Round "7"]
[White "Sujkowski, Pawel"]
[Black "Sokolowski, Marek"]
[Result "1/2-1/2"]
[WhiteElo "1956"]
[BlackElo "1885"]
[PlyCount "38"]
[EventDate "2013.04.11"]
[EventType "tourn"]
[EventRounds "1"]
[EventCountry "POL"]
[SourceDate "2013.04.11"]

1. e4 c5 2. Nf3 d6 3. d4 cxd4 4. Nxd4 Nf6 5. Nc3 a6 6. Be3 e6 7. g4 b5 8. Bg2
Bb7 9. g5 Nfd7 10. f4 Nc6 11. Nxc6 Bxc6 12. Ne2 Be7 13. O-O e5 14. h4 exf4 15.
Nxf4 Ne5 16. Nd5 Bxd5 17. exd5 O-O 18. Bd4 f6 19. Bxe5 fxe5 1/2-1/2

[Event "122nd YMCA Spring B"]
[Site "Warszawa"]
[Date "2013.06.05"]
[Round "7"]
[White "Rozowski, Marcin"]
[Black "Potocki, Karol"]
[Result "1/2-1/2"]
[WhiteElo "1883"]
[BlackElo "1874"]
[Annotator "Admin"]
[PlyCount "29"]
[EventDate "2013.04.11"]
[EventType "tourn"]
[EventRounds "1"]
[EventCountry "POL"]
[SourceDate "2013.04.11"]

1. e4 e5 2. Nf3 Nc6 3. Bb5 a6 4. Ba4 Nf6 5. O-O Nxe4 6. d4 b5 7. Bb3 d5 8. dxe5
Be6 9. c3 Bc5 10. Nbd2 O-O 11. Qe2 Bf5 12. Nxe4 dxe4 13. Ng5 Nxe5 14. Nxe4 Bg4
15. Qd2 $11 1/2-1/2

[Event "122nd YMCA Spring B"]
[Site "Warszawa"]
[Date "2013.05.21"]
[Round "7"]
[White "Pietrzak, Wojciech"]
[Black "Bielecki, Pawel"]
[Result "1/2-1/2"]
[WhiteElo "1886"]
[BlackElo "1983"]
[Annotator "Admin"]
[PlyCount "67"]
[EventDate "2013.04.11"]
[EventType "tourn"]
[EventRounds "1"]
[EventCountry "POL"]
[SourceDate "2013.04.11"]

1. e4 e5 2. Nf3 Nc6 3. d4 exd4 4. Nxd4 Bc5 5. Be3 Qf6 6. c3 Nge7 7. Bc4 O-O 8.
O-O Ne5 9. Be2 d5 10. f4 Nc4 11. Bxc4 dxc4 12. Nd2 Rd8 13. Qh5 Bb6 14. Nxc4 Nc6
15. Nxb6 axb6 16. f5 Re8 17. Bg5 Qe5 18. Nxc6 bxc6 19. Qh4 f6 20. Bf4 Qe7 21.
Qg3 Ra4 22. b4 c5 23. Bxc7 cxb4 24. Bd6 Qf7 25. cxb4 Rxa2 26. Rxa2 Qxa2 27. Qc3
Bb7 28. Ra1 Qe2 29. Re1 Qa2 30. Qd4 Rxe4 31. Rxe4 Qb1+ 32. Kf2 Qxe4 33. Qxe4
Bxe4 34. g4 $11 1/2-1/2

[Event "122nd YMCA Spring B"]
[Site "Warszawa"]
[Date "2013.05.23"]
[Round "8"]
[White "Potocki, Karol"]
[Black "Melchers, Damian"]
[Result "1/2-1/2"]
[WhiteElo "1874"]
[BlackElo "1964"]
[Annotator "Admin"]
[PlyCount "106"]
[EventDate "2013.04.11"]
[EventType "tourn"]
[EventRounds "1"]
[EventCountry "POL"]
[SourceDate "2013.04.11"]

1. c4 Nf6 2. g3 c5 3. Bg2 g6 4. Nf3 Bg7 5. O-O O-O 6. d4 cxd4 7. Nxd4 Nc6 8.
Nc3 Qb6 9. Nc2 d6 10. Rb1 Bf5 11. e4 Bg4 12. Qd2 Ne5 13. Ne3 Bf3 14. b3 e6 15.
Bb2 Rfd8 16. Qc2 Bxg2 17. Kxg2 Rac8 18. Qe2 Qc6 19. f3 a6 20. Rfd1 Rb8 21. a4
Ned7 22. Ba3 Ne5 23. Rbc1 Rbc8 24. a5 g5 25. h3 b6 26. axb6 Qxb6 27. Rb1 Qc6
28. Bb4 Qb6 29. Nc2 h6 30. Na4 Qc7 31. Nd4 Nfd7 32. Qd2 Re8 33. Ba5 Qb7 34. Qb4
Nc5 35. Qxb7 Nxb7 36. Be1 Nc5 37. Nxc5 dxc5 38. Ne2 Red8 39. Bc3 Nc6 40. Kf2
Bxc3 41. Nxc3 Nd4 42. b4 cxb4 43. Rxb4 Nc6 44. Rxd8+ Rxd8 45. Rb6 Ne5 46. Rxa6
Rd2+ 47. Ne2 Nxc4 48. Ra4 Ne5 49. f4 gxf4 50. gxf4 Ng6 51. Ke3 Rb2 52. Ra3 Rb1
53. Ng3 Rb8 $11 1/2-1/2

[Event "122nd YMCA Spring B"]
[Site "Warszawa"]
[Date "2013.05.23"]
[Round "8"]
[White "Sokolowski, Marek"]
[Black "Rozowski, Marcin"]
[Result "0-1"]
[WhiteElo "1885"]
[BlackElo "1883"]
[PlyCount "94"]
[EventDate "2013.04.11"]
[EventType "tourn"]
[EventRounds "1"]
[EventCountry "POL"]
[SourceDate "2013.04.11"]

1. e4 c6 2. d4 d5 3. Nc3 dxe4 4. Nxe4 Nd7 5. Nf3 Ngf6 6. Nxf6+ Nxf6 7. c3 Bg4
8. h3 Bxf3 9. Qxf3 e6 10. Bg5 Be7 11. Bc4 Nd5 12. Bxe7 Qxe7 13. O-O O-O 14.
Rfe1 Rfd8 15. Re5 Qc7 16. Rae1 b5 17. Bb3 b4 18. c4 Ne7 19. d5 Ng6 20. R5e4 e5
21. Rd1 cxd5 22. cxd5 Qd6 23. Rc4 Ne7 24. Rc2 Rac8 25. Rdc1 Rxc2 26. Rxc2 g6
27. Qe3 Rd7 28. Qc5 Nf5 29. Ba4 Qxc5 30. Rxc5 Rd6 31. Bb3 Nd4 32. Bc4 Rd7 33.
Rc8+ Kg7 34. Rb8 b3 35. axb3 Kf6 36. b4 Ke7 37. b5 Kd6 38. b3 Kc5 39. Re8 f6
40. Rf8 f5 41. Re8 e4 42. g4 Kb4 43. gxf5 gxf5 44. d6 Rxd6 45. Re7 Nf3+ 46. Kg2
Rg6+ 47. Kf1 Rg1+ 0-1

[Event "122nd YMCA Spring B"]
[Site "Warszawa"]
[Date "2013.05.22"]
[Round "8"]
[White "Nowak, Lukasz"]
[Black "Sujkowski, Pawel"]
[Result "1-0"]
[WhiteElo "1900"]
[BlackElo "1956"]
[PlyCount "91"]
[EventDate "2013.04.11"]
[EventType "tourn"]
[EventRounds "1"]
[EventCountry "POL"]
[SourceDate "2013.04.11"]

1. e4 e6 2. d4 d5 3. Nc3 Nf6 4. e5 Nfd7 5. f4 c5 6. Nf3 Nc6 7. Be3 a6 8. Qd2 b5
9. dxc5 Bxc5 10. Ne2 Bxe3 11. Qxe3 Qb6 12. Ned4 Ndb8 13. Bd3 Bd7 14. O-O Nxd4
15. Qxd4 Qxd4+ 16. Nxd4 Nc6 17. c3 Nxd4 18. cxd4 Ke7 19. Kf2 Rac8 20. Ke3 f6
21. Rac1 h6 22. Rxc8 Rxc8 23. g4 fxe5 24. dxe5 Be8 25. f5 Bf7 26. Kd4 b4 27. h3
a5 28. Rf2 Kd7 29. Rc2 Rxc2 30. Bxc2 Kc6 31. Ba4+ Kc7 32. a3 bxa3 33. bxa3 h5
34. Kc5 h4 35. Kb5 d4 36. Bc2 exf5 37. gxf5 Bd5 38. Kc5 Bg2 39. f6 gxf6 40.
exf6 Kd8 41. Ba4 Bf1 42. Kd5 Bd3 43. Kxd4 Bf5 44. Ke5 Bg6 45. Ke6 Be8 46. Bxe8
1-0

[Event "122nd YMCA Spring B"]
[Site "Warszawa"]
[Date "2013.05.28"]
[Round "8"]
[White "Chomczyk, Marek"]
[Black "Pastuszko, Kinga"]
[Result "1-0"]
[WhiteElo "1942"]
[BlackElo "1882"]
[PlyCount "121"]
[EventDate "2013.04.11"]
[EventType "tourn"]
[EventRounds "1"]
[EventCountry "POL"]
[SourceDate "2013.04.11"]

1. e4 c5 2. Nf3 d6 3. d4 cxd4 4. Nxd4 Nf6 5. Nc3 a6 6. Be3 e5 7. Nb3 Be7 8. h3
Be6 9. Qf3 O-O 10. O-O-O Qc7 11. g4 b5 12. g5 Nfd7 13. h4 Rc8 14. Kb1 b4 15.
Nd5 Bxd5 16. exd5 a5 17. Bd3 a4 18. Qe4 Nf8 19. Nd2 a3 20. Nc4 Nbd7 21. b3 Nc5
22. Bxc5 Qxc5 23. f4 Re8 24. fxe5 dxe5 25. d6 Bxd6 26. Nxd6 Qxd6 27. Bb5 Qg6
28. Qxg6 Nxg6 29. Bxe8 Rxe8 30. Rhe1 Kf8 31. Re4 Nf4 32. Rxb4 e4 33. Re1 Nd5
34. Rd4 Nc3+ 35. Ka1 f5 36. gxf6 gxf6 37. Rc4 Nb5 38. Rcxe4 Rd8 39. c4 Nd4 40.
Kb1 Nf3 41. R1e3 Nd2+ 42. Kc2 Nxe4 43. Rxe4 Kf7 44. c5 f5 45. Rc4 Ke6 46. c6
Kd5 47. Kd3 Rc8 48. c7 Kd6 49. Kd4 Rxc7 50. Rxc7 Kxc7 51. Ke5 Kc6 52. Kxf5 Kd5
53. h5 Kd4 54. b4 Kc4 55. h6 Kc3 56. b5 Kb2 57. b6 Kxa2 58. b7 Ka1 59. b8=Q a2
60. Qa8 Kb2 61. Ke4 1-0

[Event "122nd YMCA Spring B"]
[Site "Warszawa"]
[Date "2013.05.31"]
[Round "9"]
[White "Sujkowski, Pawel"]
[Black "Chomczyk, Marek"]
[Result "1/2-1/2"]
[WhiteElo "1956"]
[BlackElo "1942"]
[Annotator "Admin"]
[PlyCount "114"]
[EventDate "2013.04.11"]
[EventType "tourn"]
[EventRounds "1"]
[EventCountry "POL"]
[SourceDate "2013.04.11"]

1. e4 c5 2. Nf3 e6 3. d4 cxd4 4. Nxd4 a6 5. g3 Qc7 6. Bg2 Nf6 7. O-O Bc5 8. Nc3
Nc6 9. Nxc6 bxc6 10. Na4 Ba7 11. c4 d6 12. b3 e5 13. Bb2 Bg4 14. Qd3 O-O 15.
Rac1 Rad8 16. Bc3 Nd7 17. h3 Be6 18. Rfd1 Nc5 19. Nxc5 $11 Bxc5 20. Qd2 Bb6 21.
Bb4 c5 22. Bc3 f5 23. exf5 Rxf5 24. Bd5 Bxd5 25. Qxd5+ Qf7 26. Qxf7+ Kxf7 27.
Rd5 Ke7 28. Re1 Rf3 29. Bd2 h6 30. Kg2 Rdf8 31. Be3 Ba5 32. Red1 R8f6 33. Rxd6
Rxd6 34. Rxd6 Rxf2+ 35. Bxf2 Kxd6 36. Kf3 Bc3 37. Ke4 Bd4 38. Be1 g6 39. g4 Ke6
40. Bg3 h5 41. Bh4 hxg4 42. hxg4 Bg1 43. Bg5 Bd4 44. Bc1 Kd6 45. Bh6 Ke6 46.
Bc1 Kd6 47. a3 Bc3 48. Kd3 Bd4 49. b4 Kc6 50. Bd2 Bg1 51. Ke4 Bd4 52. a4 cxb4
53. Bxb4 Bb2 $11 54. Be7 Bc3 55. Kd3 Bb2 56. Ke4 Bc3 57. Kd3 Bb2 1/2-1/2

[Event "122nd YMCA Spring B"]
[Site "Warszawa"]
[Date "2013.05.27"]
[Round "9"]
[White "Rozowski, Marcin"]
[Black "Nowak, Lukasz"]
[Result "1/2-1/2"]
[WhiteElo "1883"]
[BlackElo "1900"]
[PlyCount "71"]
[EventDate "2013.04.11"]
[EventType "tourn"]
[EventRounds "1"]
[EventCountry "POL"]
[SourceDate "2013.04.11"]

1. e4 c5 2. Nf3 d6 3. Bb5+ Nd7 4. c3 Ngf6 5. Qe2 a6 6. Ba4 b5 7. Bc2 Bb7 8. O-O
e6 9. d4 Be7 10. a4 O-O 11. axb5 axb5 12. Rxa8 Qxa8 13. Re1 b4 14. Nbd2 Rc8 15.
e5 bxc3 16. bxc3 Nd5 17. exd6 Nf4 18. Qd1 Bxd6 19. Ne4 Bb8 20. Nfg5 Ng6 21. Qh5
Ndf8 22. dxc5 h6 23. Nf3 f5 24. Ng3 Bxf3 25. gxf3 Qd5 26. Ne2 Qxc5 27. Be3 Qe7
28. Nd4 Qh4 29. Qxh4 Nxh4 30. Rb1 Ba7 31. Nxf5 exf5 32. Bxa7 Nxf3+ 33. Kg2 Rxc3
34. Bd1 Nh4+ 35. Kf1 Rc7 36. Bb8 1/2-1/2

[Event "122nd YMCA Spring B"]
[Site "Warszawa"]
[Date "2013.04.19"]
[Round "9"]
[White "Melchers, Damian"]
[Black "Sokolowski, Marek"]
[Result "1-0"]
[WhiteElo "1964"]
[BlackElo "1885"]
[PlyCount "89"]
[EventDate "2013.04.11"]
[EventType "tourn"]
[EventRounds "1"]
[EventCountry "POL"]
[SourceDate "2013.04.11"]

1. e4 c5 2. Nf3 d6 3. c4 Bg4 4. d4 cxd4 5. Qxd4 Bxf3 6. gxf3 Nc6 7. Qd3 Qb6 8.
Nc3 Nf6 9. Be2 g6 10. Be3 Qa5 11. O-O Bg7 12. a3 O-O 13. b4 Qh5 14. f4 Ng4 15.
Bxg4 Qxg4+ 16. Kh1 Qf3+ 17. Kg1 Nd4 18. Qd1 Qxd1 19. Raxd1 Nc2 20. Nd5 Nxa3 21.
Nxe7+ Kh8 22. Rxd6 Nxc4 23. Rd7 Nxe3 24. fxe3 Rab8 25. Rc1 Rfd8 26. Rcc7 Rxd7
27. Rxd7 a6 28. Kf2 Bf8 29. Nd5 Kg8 30. e5 Bg7 31. Ke2 Kf8 32. Kd3 g5 33. Ke4
gxf4 34. exf4 Kg8 35. Kf5 b6 36. Ra7 a5 37. bxa5 bxa5 38. Rxa5 Rd8 39. Nf6+ Kh8
40. Ra7 Rf8 41. Kg5 h6+ 42. Kf5 Bxf6 43. Kxf6 Kg8 44. h4 h5 45. Rd7 1-0

[Event "122nd YMCA Spring B"]
[Site "Warszawa"]
[Date "2013.05.30"]
[Round "9"]
[White "Pietrzak, Wojciech"]
[Black "Koziol, Pawel"]
[Result "1-0"]
[WhiteElo "1886"]
[BlackElo "1883"]
[PlyCount "95"]
[EventDate "2013.04.11"]
[EventType "tourn"]
[EventRounds "1"]
[EventCountry "POL"]
[SourceDate "2013.04.11"]

1. e4 c6 2. d4 d5 3. exd5 cxd5 4. c4 Nf6 5. Nc3 Nc6 6. Nf3 Bg4 7. cxd5 Nxd5 8.
Qb3 Bxf3 9. gxf3 e6 10. Qxb7 Nxd4 11. Bb5+ Nxb5 12. Qc6+ Ke7 13. Qxb5 Qd7 14.
Nxd5+ Qxd5 15. Bg5+ f6 16. Qxd5 exd5 17. Be3 Ke6 18. O-O-O Bb4 19. Rhg1 g6 20.
Rg4 Rhc8+ 21. Kb1 Bc5 22. Rh4 h5 23. Ra4 Bxe3 24. fxe3 Rc5 25. Ra6+ Ke5 26. a4
g5 27. Rd4 Rac8 28. Rxa7 Rc1+ 29. Ka2 Re1 30. Rb4 Rcc1 31. f4+ Kf5 32. Re7 Re2
33. Rd4 gxf4 34. Rxf4+ Kg5 35. h4+ Kg6 36. Re6 Rcc2 37. Rexf6+ Kg7 38. Rf7+ Kg8
39. Rb7 Rxe3 40. a5 Rc5 41. Ra4 Re4 42. Ra3 Re8 43. a6 d4 44. a7 Rcc8 45. Rg3+
Kf8 46. Rg5 d3 47. Rxh5 Kg8 48. Rd5 1-0